000 00490nam a22001937a 4500
005 20260408115750.0
008 260408b |||||||| |||| 00| 0 eng d
020 _a978-93-6440-371-9
040 _aMAIN
041 _aeng
082 _a336.24
_bGAU
100 _aGaur, V.P.,
245 _aIncome Tax Law And Practice
_cBy V.P. Gaur .
250 _a2nd Revised Ed.
260 _aNew Delhi:
_bKalyani Publishers ;
_c2026.
300 _a728p.
650 _aEconomics
942 _2ddc
_cBK
999 _c16328
_d16328